Countries by First and Last Letter - Statistics

General Stats
  • This quiz has been taken 65 times
  • The average score is 17 of 24
Answer Stats
First Letter Country Last Letter % Correct
Y Yemen N
100%
D Denmark K
92%
Z Zimbabwe E
92%
T Tuvalu U
88%
H Haiti I
87%
F Fiji I
85%
K Kiribati I
83%
P Paraguay Y
83%
L Laos S
81%
K Kosovo O
79%
V Venezuela A
77%
B Brazil L
75%
K Kenya A
73%
F France E
71%
I Iran N
69%
U Uzbekistan N
69%
I Italy Y
67%
P Poland D
67%
H Hungary Y
62%
B Bangladesh H
56%
G Germany Y
56%
G Greece E
50%
B Belgium M
48%
C Cameroon N
38%
No matching quizzes found
Score Distribution
Percent of People with Each Score
Percentile by Number Answered
Your Score History
You have not taken this quiz